| 000 -ლიდერი |
| ფიქსირებული სიგრძის საკონტროლო ველი |
01297nam a2200253Ia 4500 |
| 001 - საკონტროლო ნომერი |
| საკონტროლო ველი |
4093 |
| 003 - საკონტროლო ნომრის იდენტიფიკატორი |
| საკონტროლო ველი |
GE_BSU |
| 005 - ბოლო ოპერაციის თარიღი და დრო |
| საკონტროლო ველი |
20190924160601.0 |
| 008 - ფიქსირებული სიგრძის მონაცემთა ელემენტები - ზოგადი ინფორმაცია |
| ფიქსირებული სიგრძის საკონტროლო ველი |
181216s1966||||ge |||||||||||||| ||geo|| |
| 040 ## - კატალოგიზაციის წყარო |
| Transcribing agency |
GE_BSU |
| 041 ## - ენის კოდი |
| Language code of text/sound track or separate title |
geo |
| 080 ## - უნივერსალური ათობითი კლასიფიკაციის ინდექსი |
| Universal Decimal Classification number |
394(479.22)+791(479.22) რ–97 |
| 100 ## - მთავარი ჩანაწერი - პიროვნების სახელი |
| Personal name |
რუხაძე, ჯულიეტა |
| 9 (RLIN) |
4287 |
| 245 ## - ცნობა სათაურის შესახებ |
| Title |
ქართული ხალხური დღესასწაული : |
| Remainder of title |
ბერიკაობა-ყეენობა / |
| Statement of responsibility, etc |
რედ. დ. გრატიაშვილი ; ილ.: ლ. გუდიაშვილი და ზ. ფორჩხიძე |
| 264 ## - წარმოების, გამოცემის, დისტრიბუციის და სხვა ცნობები |
| გამოცემის, წარმოების, დისტრიბუციის... ადგილი |
თბ. : |
| გამოცემის, წარმოების, დისტრიბუციის... სახელწოდება |
საბჭ. საქართველო, |
| გამოცემის, წარმოების, დისტრიბუციის... თარიღი |
1966. |
| 300 ## - ფიზიკური აღწერა |
| Extent |
37 გვ. ; |
| Other physical details |
29 სმ. |
| 500 ## - ზოგადი შენიშვნა |
| General note |
ტექსტი პარალ. ქართ., რუს. და ინგლ. ენებზე. |
| 653 ## - INDEX TERM--UNCONTROLLED |
| Uncontrolled term |
ქართული ხალხური დღესასწაული |
| 653 ## - INDEX TERM--UNCONTROLLED |
| Uncontrolled term |
ბერიკაობა-ყეენობა |
| 700 ## - ADDED ENTRY--PERSONAL NAME |
| Personal name |
გრატიაშვილი, დ. |
| Relator term |
რედაქტორი |
| 9 (RLIN) |
4288 |
| 700 ## - ADDED ENTRY--PERSONAL NAME |
| Personal name |
გუდიაშვილი, ლ. |
| Relator term |
მხატვარი |
| 9 (RLIN) |
3819 |
| 700 ## - ADDED ENTRY--PERSONAL NAME |
| Personal name |
ფორჩხიძე, ზ. |
| Relator term |
მხატვარი |
| 9 (RLIN) |
4289 |
| 942 ## - ADDED ENTRY ELEMENTS (KOHA) |
| Koha item type |
წიგნი |
| Source of classification or shelving scheme |
|